Statistics for Celebrity Couples #1

Click here to take the quiz!

General Stats

  • This quiz has been taken 654 times
  • The average score is 7 of 15

Answer Stats

Partner #1Partner #2% Correct
Jay-ZBeyoncé Knowles
98%
Mila KunisAshton Kutcher
84%
Blake LivelyRyan Reynolds
75%
Ben AffleckJennifer Garner
61%
Amber HeardJohnny Depp
56%
Keith UrbanNicole Kidman
54%
Portia de RossiEllen DeGeneres
53%
Gisele BündchenTom Brady
49%
Catherine Zeta-JonesMichael Douglas
42%
Tim BurtonHelena Bonham Carter
34%
Sarah Jessica ParkerMatthew Broderick
33%
Sacha Baron CohenIsla Fisher
30%
Joel MaddenNicole Richie
29%
Wiz KhalifaAmber Rose
27%
Grace HightowerRobert De Niro
8%

Score Distribution

Percentile by Number Answered

Percent of People with Each Score

Your Score History

You have not taken this quiz